What Country Is Missing? (S-Z) - Statistics

General Stats
  • This quiz has been taken 87 times
  • The average score is 4 of 5
Answer Stats
Countries Missing Country % Correct
Z Zimbabwe Zambia
99%
V Vatican City / Venezuela / Vietnam Vanuatu
94%
U Uganda / Ukraine / United Arab Emirates / United Kingdom / United States / Uzbekistan Uruguay
86%
T Tajikistan / Tanzania / Thailand / Togo / Tonga / Trinidad / Tunisia / Turkey / Turkmenistan / Tuvalu Taiwan
69%
S St. Kitts / St. Lucia / St. Vincent / Samoa / San Marino / Sao Tome / Saudi Arabia / Senegal / Seychelles / Sierra Leone / Singapore / Slovakia / Slovenia / Solomon Islands / Somalia / South Africa / Spain / Sri Lanka / Sudan / South Sudan / Suriname / Sweden / Switzerland / Syria / South Korea Serbia
60%
No matching quizzes found
Score Distribution
Percent of People with Each Score
Percentile by Number Answered
Your Score History
You have not taken this quiz